Směrná účtová osnova pro průmyslové podniky

Enregistré dans:
Détails bibliographiques
Format: Livre
Langue:tchèque
Publié: Praha Tiskový podnik Ústředního svazu československého průmyslu 1947
Édition:2. vydání
Tags: Ajouter un tag
Pas de tags, Soyez le premier à ajouter un tag!

MARC

LEADER 00000nam a2200000 4500
001 0268965
005 20240822101713.6
041 0 |a cze 
044 |a -CS 
245 1 0 |a Směrná účtová osnova pro průmyslové podniky 
250 |a 2. vydání 
264 1 |a Praha  |b Tiskový podnik Ústředního svazu československého průmyslu  |c 1947